Agricultural development : (Record no. 416)

MARC details
000 -LEADER
fixed length control field 00598nam a2200181 4500
001 - CONTROL NUMBER
control field 550
005 - DATE AND TIME OF LATEST TRANSACTION
control field 20181127161634.0
008 - FIXED-LENGTH DATA ELEMENTS--GENERAL INFORMATION
fixed length control field 711102s1971 mdu bs 001 0 eng
010 ## - LIBRARY OF CONGRESS CONTROL NUMBER
LC control number 76150663
020 ## - INTERNATIONAL STANDARD BOOK NUMBER
International Standard Book Number 0801812593
100 1# - MAIN ENTRY--PERSONAL NAME
Personal name Hayami, Yujiro,
Dates associated with a name 1932-
245 10 - TITLE STATEMENT
Title Agricultural development :
Remainder of title an international perspective /
Statement of responsibility, etc. Yujiro Hayami and Vernon W. Ruttan.
260 ## - PUBLICATION, DISTRIBUTION, ETC.
Place of publication, distribution, etc. Baltimore :
Name of publisher, distributor, etc. Johns Hopkins Press,
Date of publication, distribution, etc. 1971.
300 ## - PHYSICAL DESCRIPTION
Extent xiv, 367 p. ;
Dimensions 24 cm.
504 ## - BIBLIOGRAPHY, ETC. NOTE
Bibliography, etc. note Includes bibliographical references.
650 #0 - SUBJECT ADDED ENTRY--TOPICAL TERM
Topical term or geographic name entry element Agriculture
General subdivision Economic aspects.
700 1# - ADDED ENTRY--PERSONAL NAME
Personal name Ruttan, Vernon W.,
Relator term joint author.
Holdings
Withdrawn status Lost status Source of classification or shelving scheme Damaged status Not for loan Collection code Home library Current library Shelving location Date acquired Serial Enumeration / chronology Inventory number Total Checkouts Total Renewals Full call number Barcode Date last seen Date last checked out Price effective from Koha item type
    Dewey Decimal Classification     Main TEST RTC Library RTC Library Main opac 08/08/2022 752 5 1 338.1 HAY 30001872 24/03/2023 09/03/2023 27/11/2018 Main
Royal Thimphu College || All Right Reserved